Statistics for One Direction 2020 Quiz

Click here to take the quiz!

General Stats

  • This quiz has been taken 14 times
  • The average score is 30 of 40

Answer Stats

HintAnswer% Correct
How many of them have children or are expecting children?3
100%
How many member of One Direction are there?5
100%
Whose birthday is the 1st of February?Harry
100%
Who wrote 'Something great'?Harry
100%
Which member has 'Late Late' tattooed on them?Harry
100%
Who is the youngest?Harry
100%
Who has a son named Bear?Liam
100%
Which one of them has previously had kidney issues?Liam
100%
Who is the Oldest in the Band?Louis
100%
Who has a son named Freddie?Louis
100%
Who left the band?Zayn
100%
Who has the word 'Zap' tattoo on them?Zayn
100%
How many siblings does Louis have?6
88%
Fourth Album Name?Four
88%
Which member has no tattoos?Niall
88%
Which one of them is from Ireland?Niall
88%
What show did they meet on?X factor
88%
On July 23rd 2020 how long have the band been together?10 Years
75%
How many solo albums do they have in total?8
75%
Where is Louis from?Doncaster
75%
Who is Zayns current girlfriend?Gigi
75%
Niall and Liam she the same middle name, What is it?James
75%
What is the name of Louis Pigeon?Kevin
75%
Fifth Album Name?Made in the AM
75%
Third Album Name?Midnight Memories
75%
Second Album Name?Take me home
75%
Which Album is C'mon C'mon on?Take me home
75%
First Album Name?Up all night
75%
Do you hate Simon Cowell?Yes
75%
What is Harry's mums name?Anne
63%
Where did Harry used to work?Bakery
63%
Harry's drugs tests are...Negative
63%
Who put the group together?Simon Cowell
63%
What is the name of their film?This is Us
63%
What place did they come on the show?3rd
50%
What talk show host loves the boys the most?James Corden
50%
What date were One Direction formed ?23rd July 2010
38%
When did Zayn leave the band?March 25th 2015
13%
What is Naill's imaginary friend called?Michael
0%
Who has a song called on my own?Naill
0%

Score Distribution

Percentile by Number Answered

Percent of People with Each Score

Your Score History

You have not taken this quiz